| 000 | 00584nam a22002052 4500 | ||
|---|---|---|---|
| 001 | 0000012964 | ||
| 005 | 20151217155854.0 | ||
| 008 | 090514s xx 000 0 eng d | ||
| 020 | _a9966951032 : | ||
| 040 |
_aKABU _cKABU |
||
| 100 | 1 |
_aNdua, Elizabeth. _@0000156763 |
|
| 245 | 1 | 0 |
_aMekatilili wa Menza / _cElizabeth Ndua. |
| 250 | _a1st ed. | ||
| 260 |
_aNairobi : _bSasa Sema, _c2000. |
||
| 300 | _axi, 79 p. | ||
| 600 | 1 | 0 |
_aMekatilili wa Menza. _@0000170004 |
| 852 | 1 | _9p195 KES | |
| 908 | _a090514 | ||
| 950 | _@1 | ||
| 999 |
_c13557 _d13557 |
||